Strategic management in industrial corporations

Guardado en:
Detalles Bibliográficos
Autor principal: SYAM, Dhruba
Formato: Libro
Lenguaje:inglés
Publicado: Ane books 2019
Etiquetas: Agregar Etiqueta
Sin Etiquetas, Sea el primero en etiquetar este registro!

MARC

LEADER 00000nam a22000007a 4500
008 240610b |||||||| |||| 00| 0 eng d
020 |a 9789385259962 
100 |a SYAM, Dhruba 
245 |a Strategic management in industrial corporations  |c Dhruba Syam  |g xiii, 225p.ill 
260 |b Ane books  |c 2019  |h New Delhi  |i 699922  |i 699923  |l HD31.2Sy1  |m Industrial management  |m Strategic planning 
500 |a It includes index  
942 |a lcc  |c BK  |e Adeyemo O.O  |f 10/06/2024 
952 |0 0  |1 0  |2 lcc  |4 0  |6 HD00312 S Y1  |7 0  |9 5289  |a SSL  |b HOL  |c GJ  |d 2024-06-10  |l 0  |o HD31.2.Sy1  |p 2024-0532  |r 2024-06-10 00:00:00  |t 699922  |w 2024-06-10  |y BK 
952 |0 0  |1 0  |2 lcc  |4 0  |6 HD00312 S Y1  |7 0  |9 5290  |a HOL  |b HOL  |c GJ  |d 2024-06-10  |l 0  |o HD31.2.Sy1  |p 2024-0533  |r 2024-06-10 00:00:00  |t 699923  |w 2024-06-10  |y BK 
999 |c 2621  |d 2621